000 00583nam a2200169 i 4500
001 140928
003 ES-MaACL
005 20230906200201.0
007 t|
008 070918s1963 sp ||||1| spa d
080 _a86-5"19"
100 1 _aYñigo de Toro, María Teresa.
_9117653
245 1 0 _aBuenas noches
_b: (selección de las leídas por la autora cotidianamente por las antenas de "La voz de Valladolid" y otras emisoras) /
_cMaría Teresa Yñigo de Toro.
260 _aValladolid :
_bServer,
_c1963.
300 _a381 p. ;
_c20 cm.
852 _aES-MaACL
_jC-24666
_bR.53410
999 _c140928
_d140928